000 00643nam a2200181Ia 4500
005 20250508153352.0
008 008 250505s9999 xx 000 0 eng d
037 _aBooks to be hide in OPAC
040 _aFEDL
_beng
_cFEDL
041 _aeng
_2eng
084 _a379.11, UNI/O
_qFEDL
245 0 _aAdministration of public laws 874 and 815: 7th annual report of the US commissioner of education June 30, 1957
245 0 _cU S Department of Health, Education and Wefare
260 _aWashington, USA
_bU.S. Government Printing Office
_c1958
300 _avi,145p
942 _cHB
_h379.11, UNI/O
999 _c1342357
_d1342357